000 00484nam a2200157Ia 4500
008 240729s9999 xx 000 0 und d
245 0 _aNuclear Engineering and Technology
260 _aKorea, Republic of
260 _bElsevier
650 _a Electrical engineering. Electronics. Nuclear engineering
650 _a Nuclear engineering. Atomic power
650 _aTechnology
856 _uhttps://doaj.org/toc/c044d08b299c4bfe87b5173a91a26926
942 _2ddc
942 _cDOAJEJ
999 _c71364
_d71364
945 _a1
_bMadushi Gamage
_c1
_dMadushi Gamage